000 00935cam a22002891a 4500
001 sa 65003669
003 DLC
005 20260227112124.0
008 891005s1963 ii 000 0 hinr
010 _asa 65003669
025 _aPL480:I-Mal-2070
035 _a(OCoLC)20446632
040 _aDLC
_cWaU
_dICRL
_dDLC
041 1 _ahin
_hmal
042 _apremarc
050 0 0 _aPL4718.9.G66
_bM85
100 1 _aGōpināthannāyar, Ṭi. En.,
_d1918-
240 1 0 _aMr̥gaṃ.
_lHindi
245 1 0 _aPaśu :
_bMalayalaṃ-bhāshā ke sāmājika lakhu nāṭaka 'Mr̥gaṃ' ka Hindī-rūpāntar /
_cṬi.En. Gōpināthan Nāyara ; Rūpāntarkāra Raghuvīra Śaran 'Vyathita' tatha Vasuvan.
250 _a[1. sanskaraṇa]
260 _aDilli :
_bVāsudēva Prakāśana,
_c[1963]
300 _a96 p. ;
_b18 cm.
500 _aIn Hindi.
520 _aTranslation of: Mr̥gaṃ.
700 1 _aŚaran, Raghuvira.
700 1 _aVasuvan.
999 _c63264
_d63264